Principios de finanzas corporativas / (Record no. 21667)

000 -CABECERA
fixed length control field 00971nam a22002417a 4500
003 - IDENTIFICADOR DEL NÚMERO DE CONTROL
control field AR-CdUCM
008 - DATOS DE LONGITUD FIJA--INFORMACIÓN GENERAL
fixed length control field 190319b ||||| |||| 00| 0 spa d
020 ## - NÚMERO INTERNACIONAL ESTÁNDAR DEL LIBRO
ISBN 9786071513120
040 ## - FUENTE DE LA CATALOGACIÓN
Agencia/entidad que catalogó originalmente la obra MUNICIPALIDAD PROVINCIAL DEL CUSCO
Entidad que transcribió la catalogación BIBLIOTECA MUNICIPAL DEL CUSCO
082 ## - NÚMERO DE LA CLASIFICACIÓN DECIMAL DEWEY
No. de Clasificación 658.15/B82
Notacion interna B82
No. de la edición undécima
100 ## - ENTRADA PRINCIPAL--NOMBRE DE PERSONA
Nombre Personal Brealey, Richard A
245 ## - MENCIÓN DE TÍTULO
Título Principios de finanzas corporativas /
Mención de responsabilidad Brealey, Richard A., Myers, Stewart C., Allen, Franklin ; coordinadora traducción, Luisa Nieto Soria ; traductores, Ma. Angeles Fernández Izquierdo, Vicente Aragó Manzana.
260 ## - PUBLICACIÓN, DISTRIBUCIÓN, ETC.
Lugar de publicación, distribución, etc. México ;
Nombre de la editorial, distribuidor, etc. McGraw-Hill,
Fecha de publicación, distribución, etc. 2015.
300 ## - DESCRIPCIÓN FÍSICA
Nº de Páginas Extensión 926 Páginas. :
Otros detalles físicos ilustraciones ;
Dimensiones 27 cm.
650 ## - PUNTO DE ACCESO ADICIONAL DE MATERIA--TÉRMINO DE MATERIA
Descriptor Administración financiera
9 (RLIN) 28979
650 ## - PUNTO DE ACCESO ADICIONAL DE MATERIA--TÉRMINO DE MATERIA
Descriptor Corporaciones
9 (RLIN) 45728
650 ## - PUNTO DE ACCESO ADICIONAL DE MATERIA--TÉRMINO DE MATERIA
Descriptor Finanzas
9 (RLIN) 4496
700 ## - PUNTO DE ACCESO ADICIONAL--NOMBRE DE PERSONA
Nombre Personal Myers, Stewart C
9 (RLIN) 45729
700 ## - PUNTO DE ACCESO ADICIONAL--NOMBRE DE PERSONA
Nombre Personal Allen, Franklin
9 (RLIN) 45730
942 ## - ELEMENTOS DE PUNTO DE ACCESO ADICIONAL (KOHA)
Fuente de clasificación
Tipo de item Libros-BMC
945 ## - PROCESAMIENTO DE INFORMACIÓN LOCAL (OCLC)
Catalogador Roel
Holdings
Estado de retiro (separado) Fuente de clasificación o esquema de estanterías Estado dañado Ubicación Sala donde se ubica Nombre de la colección Fecha de adquisición o compra Fuente de adquisición Costo, precio normal en soles Signatura topográfica Código de Barras Última vez visto (Koha) Tipo de ítem (Koha)
No     Sala Ciencias Sala Ciencias Book Cart 2020-11-02 Compra 50.00 658.15/B82 SC0000002321 2020-11-02 Libros-BMC
No     Sala Ciencias Sala Ciencias Book Cart 2020-11-02 Compra 50.00 658.15/B82/e.2 SC0000002322 2020-11-02 Libros-BMC

Powered by Koha